Multi-Resolution mosaicing (Record no. 190776)
[ view plain ]
| 000 -LEADER | |
|---|---|
| fixed length control field | 00370 a2200157 4500 |
| 003 - CONTROL NUMBER IDENTIFIER | |
| control field | Nust |
| 005 - DATE AND TIME OF LATEST TRANSACTION | |
| control field | 20170207153952.0 |
| 040 ## - CATALOGING SOURCE | |
| Transcribing agency | Nust |
| 082 ## - DEWEY DECIMAL CLASSIFICATION NUMBER | |
| Classification number | 005.1 |
| 100 ## - MAIN ENTRY--PERSONAL NAME | |
| Personal name | Saeed, Aamna MSCS-15 |
| 245 ## - TITLE STATEMENT | |
| Title | Multi-Resolution mosaicing |
| Statement of responsibility, etc. | Aamna Saeed, MSCS-15 |
| 260 ## - PUBLICATION, DISTRIBUTION, ETC. | |
| Place of publication, distribution, etc. | MCS |
| Date of publication, distribution, etc. | March 2012 |
| 300 ## - PHYSICAL DESCRIPTION | |
| Extent | ix, 45 p |
| 538 ## - SYSTEM DETAILS NOTE | |
| System details note | Almirah No 69 Shelf No 6 |
| 650 ## - SUBJECT ADDED ENTRY--TOPICAL TERM | |
| Topical term or geographic name entry element | MSCS Thesis |
| 942 ## - ADDED ENTRY ELEMENTS (KOHA) | |
| Koha item type | |
| Withdrawn status | Lost status | Source of classification or shelving scheme | Damaged status | Not for loan | Collection code | Permanent Location | Current Location | Date acquired | Total Checkouts | Full call number | Barcode | Date last seen | Price effective from | Koha item type | Shelving location |
|---|---|---|---|---|---|---|---|---|---|---|---|---|---|---|---|
| Central Library (CL) | Central Library (CL) | 11/18/2020 | 004 | CL-T-1218 | 11/18/2020 | 11/18/2020 | Thesis | ||||||||
| Central Library (CL) | Central Library (CL) | 11/18/2020 | 004 | CL-T-1205 | 11/18/2020 | 11/18/2020 | Thesis | ||||||||
| Military College of Signals (MCS) | Military College of Signals (MCS) | 12/12/2016 | 005.1 AAM | MCSTCS-302 | 12/08/2016 | 12/12/2016 | Book |
